000 00225nam a22001097a 4500
999 _c262446
_d262445
020 _a0590402986
100 _aAnn McGovern
245 _aStone Soup
260 _aNew York
_bScholastic
_c1968
300 _a32 pgs
942 _cBK